01750nam a2200433 i 450000100060000000300080000600500170001400600190003100700150005000800410006502000180010602000280012403500220015204000310017405000260020508000100023108200160024110000200025724501440027726400420042130000580046333600290052133700330055033800390058349000640062250400290068658800830071559001620079865000270096065000360098765500270102370000320105070000330108270000380111579700180115383000650117185600630123699900170129923620FINmELB20241216214112.0m o u cr cn|||||||||200110s2008 sp a ob 000 0 spa d z9788474328172 a9788497848985q(e-book) a(OCoLC)1139510745 aFINmELBbspaerdacFINmELB14aQ180.55.M4bB725 2008 a001.404a001.4322231 aBooth, Wayne C.10aCómo convertirse en un hábil investigador /cWayne C. Booth, Gregory G. Colomb, Joseph M. Williams ; traducción, José A. Álvarez. 1aBarcelona :bEditorial Gedisa,c2008. a1 recurso en línea (318 páginas) :bilustraciones atextobtxt2rdamedia/spa acomputadorabc2rdamedia/spa arecurso en línea2rdacarrier/spa1 aBiblioteca de educación. Herramientas universitarias ;v6 aContiene bibliografía. aDescripción basada en metadatos suministrados por el editor y otras fuentes. aRecurso electrónico. Santa Fe, Arg.: elibro, 2020. Disponible vía World Wide Web. El acceso puede estar limitado para las bibliotecas afiliadas a elibro. 0aResearchxMethodology. 4aInvestigaciónxMetodología. 4aLibros electrónicos.1 aColomb, Gregory G.,eautor.1 aWilliams, Joseph M.,eautor.1 aÁlvarez, José A.,etraductor.2 aelibro, Corp. 0aBiblioteca de educación. Herramientas universitarias ;v6.40uhttps://elibro.net/ereader/politecnicointernacional/117711 c23620d23620